Si Belalang Yang Degil / (Record no. 196224)

MARC details
000 -LEADER
fixed length control field 00915nam a2200277 ia4500
005 - DATE AND TIME OF LATEST TRANSACTION
control field 20240711123242.0
008 - FIXED-LENGTH DATA ELEMENTS--GENERAL INFORMATION
fixed length control field 240711s2024 my a b 000 1 may d
020 ## - INTERNATIONAL STANDARD BOOK NUMBER
International Standard Book Number 9789672791089
Terms of availability RM28.00
Qualifying information paperback
040 ## - CATALOGING SOURCE
Original cataloging agency PPAK
Language of cataloging eng
Transcribing agency PPAK
Description conventions rda
082 04 - DEWEY DECIMAL CLASSIFICATION NUMBER
Edition number 23
Classification number 499.2386
090 00 - LOCALLY ASSIGNED LC-TYPE CALL NUMBER (OCLC); LOCAL CALL NUMBER (RLIN)
Classification number (OCLC) (R) ; Classification number, CALL (RLIN) (NR) 499.2386
Feature heading NUR
Feature heading K
100 0# - MAIN ENTRY--PERSONAL NAME
Personal name Nurul Huda,
Relator term author.
245 10 - TITLE STATEMENT
Title Si Belalang Yang Degil /
Statement of responsibility, etc. Olahan Semula: Nurul Huda
264 #1 - PRODUCTION, PUBLICATION, DISTRIBUTION, MANUFACTURE, AND COPYRIGHT NOTICE
Place of production, publication, distribution, manufacture Mentakab, Pahang :
Name of producer, publisher, distributor, manufacturer KK NG ENTERPRISE,
Date of production, publication, distribution, manufacture, or copyright notice [2024?]
300 ## - PHYSICAL DESCRIPTION
Extent 46 pages :
Other physical details colour illustrations ;
Dimensions 21 cm
336 ## - CONTENT TYPE
Content type term text
Source rdacontent
337 ## - MEDIA TYPE
Media type term unmediated
Source rdamedia
338 ## - CARRIER TYPE
Carrier type term volume
Source rdacarrier
490 1# - SERIES STATEMENT
Series statement Siri Aspirasi Cilik Positif
650 10 - SUBJECT ADDED ENTRY--TOPICAL TERM
Topical term or geographic name entry element Malay language
Form subdivision Readers
Topical term or geographic name entry element Children's stories, Malay
Topical term or geographic name entry element Malay fiction
Topical term or geographic name entry element Malaysian fiction (Malay)
830 #0 - SERIES ADDED ENTRY--UNIFORM TITLE
Uniform title Siri aspirasi cilik positif
942 ## - ADDED ENTRY ELEMENTS (KOHA)
Source of classification or shelving scheme Dewey Decimal Classification
Koha item type Book
Holdings
Withdrawn Not for loan Current library Shelving location Date acquired Total Checkouts Full call number Barcode Date last seen Date last checked out Koha item type Total Renewals
    Perpustakaan Alor Setar Pinjaman Kanak-kanak 07/08/2024 4 K 499.2386 NUR A01833665 26/01/2025 30/12/2024 Book  
    Perpustakaan Awam Sungai Petani Pinjaman Kanak-kanak 07/08/2024 6 K 499.2386 NUR A01833666 13/06/2026 23/05/2026 Book 1
    Perpustakaan Baling Pinjaman Kanak-kanak 07/08/2024   K 499.2386 NUR A01833670 07/08/2024   Book  
    Perpustakaan Bandar Baharu Pinjaman Kanak-kanak 07/08/2024 1 K 499.2386 NUR A01833671 16/07/2025 09/07/2025 Book  
    Perpustakaan Jitra Pinjaman Kanak-kanak 07/08/2024 1 K 499.2386 NUR A01833667 15/02/2025 02/02/2025 Book  
    Perpustakaan Kuala Nerang Pinjaman Kanak-kanak 07/08/2024 1 K 499.2386 NUR A01833675 06/11/2024 10/10/2024 Book  
    Perpustakaan Kulim Pinjaman Kanak-kanak 07/08/2024 1 K 499.2386 NUR A01833669 08/09/2025 13/07/2025 Book 1
    Perpustakaan Langkawi Pinjaman Kanak-kanak 07/08/2024   K 499.2386 NUR A01833668 07/08/2024   Book  
    Perpustakaan Merbok Pinjaman Kanak-kanak 07/08/2024   K 499.2386 NUR A01833672 07/08/2024   Book  
    Perpustakaan Pendang Pinjaman Kanak-kanak 07/08/2024   K 499.2386 NUR A01833676 07/08/2024   Book  
    Perpustakaan Sik Pinjaman Kanak-kanak 07/08/2024 3 K 499.2386 NUR A01833674 28/08/2025 13/08/2025 Book  
    Perpustakaan Yan Pinjaman Kanak-kanak 07/08/2024 3 K 499.2386 NUR A01833673 03/11/2025 02/11/2025 Book